000 01044nam a2200289 a 4500
005 20191224041701.0
008 140310s2002 ck ab gr|||| 000 0 spa d
020 _a9587011473
040 _aCO-BoIAVH
_cCO-BoIAVH
041 0 _aspa
044 _ack
082 0 4 _a346.045
_bF17p
100 1 _aFajardo Montaña, Darío
245 1 0 _aPara sembrar la paz hay que aflojar la tierra :
_bcomunidades, tierras y territorios en la construcción de un país /
_cUniversidad Nacional de Colombia, Instituto de Estudios Ambientales
250 _aPrimera edición
260 _aBogotá :
_bUniversidad Nacional de Colombia;
_c2002.
300 _a188 páginas :
_bIlustraciones , mapas ;
_c24 x 17 cm.
650 6 _aComunidades campesinas
650 6 _aSector agropecuario
650 6 _aConflicto armado
650 6 _aReforma agraria
650 6 _aMigraciones
650 6 _aTenencia de la tierra
662 _aColombia
710 1 _aColombia
_bUniversidad Nacional
942 _cLIBRO
_2ddc
999 _c3209
_d3209